| 000 | 01193cam a2200289 i 4500 | ||
|---|---|---|---|
| 003 | SA-RiAUC | ||
| 005 | 20250516142158.0 | ||
| 008 | 241206s1996 sy g 00010 ara c | ||
| 040 |
_aSA-RiAUC _bara _cSA-RiAUC _erda |
||
| 041 | 1 |
_aara _hund |
|
| 082 | 0 | 4 | _a953.00072 |
| 090 |
_a953.00072 _bف و ك |
||
| 100 | 1 |
_aفوك، يوهان، _d1894-1974 _eمؤلف. |
|
| 245 | 1 | 0 |
_aتاريخ حركة الاستشراق : _bالدارسات العربية والإسلامية في أوروبا حتى بداية القرن العشرين / _cيوهان فوك ؛ تعريب عمر لطفي العالم. |
| 250 | _aالطبعة الأولى. | ||
| 264 | 1 |
_aدمشق : _bدار قتيبة، _c1996 |
|
| 300 |
_a368 صفحة ؛ _c24 سم |
||
| 336 |
_aنص _btxt _2rdacontent _3كتاب |
||
| 337 |
_aبدون وسيط _bn _2rdamedia |
||
| 338 |
_aمجلد _bnc _2rdacarrier |
||
| 650 | 7 |
_aالتاريخ الإسلامي _xمناهج بحث _2aucsh |
|
| 650 | 7 |
_aالاستشراق والمستشرقون _2aucsh |
|
| 650 | 7 |
_aالحضارة العربية _2aucsh |
|
| 700 | 1 |
_aالعالم، عمر لطفي _eمعرب. |
|
| 942 |
_2ddc _cBOOK _n0 |
||
| 949 |
_aSA-JeALM _d241206 _umohamedma123 _n1 |
||
| 999 |
_c3122 _d3122 |
||